[Event "PRO League Group Stage"]
[Site "chess.com INT"]
[Date "2019.02.14"]
[Round "6"]
[White "Alekseenko, Kirill"]
[Black "Duda, Jan-Krzysztof"]
[Result "0-1"]
[WhiteTitle "GM"]
[BlackTitle "GM"]
[WhiteElo "2637"]
[BlackElo "2738"]
[WhiteTeam "Baden-Baden Snowballs"]
[BlackTeam "Cannes Blitzstreams"]
[WhiteFideId "4135539"]
[BlackFideId "1170546"]
[EventDate "2019.01.08"]

1. e4 e5 2. Nf3 Nf6 3. Nxe5 d6 4. Nf3 Nxe4 5. Nc3 Nxc3 6. dxc3 Be7 7. Bd3 Nc6 8.
Be3 Be6 9. Qe2 Qd7 10. O-O-O O-O 11. h4 Bf5 12. Nd4 Nxd4 13. Bxd4 Rfe8 14. Qf3
Bxd3 15. Rxd3 b5 16. g4 a5 17. g5 Rac8 18. Kb1 Bf8 19. h5 c5 20. Be3 Qe6 21. Rh4
b4 22. c4 a4 23. Rd5 Rc7 24. Rf4 Qc8 25. Rdf5 Qb7 26. Rd5 Re6 27. Qh3 Rce7 28.
Rd1 Re4 29. g6 b3 30. gxh7+ Kh8 31. Qf5 Rxf4 32. Bxf4 Re2 33. cxb3 axb3 34. Bc1
bxa2+ 35. Kxa2 Qa6+ 36. Kb3 Re7 37. h6 g6 38. Qf6+ Kxh7 39. Rd5 Rb7+ 40. Kc3 Qa4
41. Kd3 Qd1+ 42. Bd2 Bxh6 43. Rh5 Qxd2+ 0-1

[Event "PRO League Group Stage"]
[Site "chess.com INT"]
[Date "2019.02.14"]
[Round "6"]
[White "Meier, Georg"]
[Black "Lagarde, Maxime"]
[Result "1-0"]
[WhiteTitle "GM"]
[BlackTitle "GM"]
[WhiteElo "2623"]
[BlackElo "2604"]
[WhiteTeam "Baden-Baden Snowballs"]
[BlackTeam "Cannes Blitzstreams"]
[WhiteFideId "4675789"]
[BlackFideId "662399"]
[EventDate "2019.01.08"]

1. Nf3 Nc6 2. d4 d6 3. e4 Nf6 4. Nc3 g6 5. h3 Bg7 6. d5 Nb8 7. Bc4 O-O 8. O-O c6
9. a4 a5 10. Qe2 Na6 11. Bf4 Nb4 12. Rad1 cxd5 13. exd5 Bd7 14. Rfe1 Rc8 15. Bb3
Re8 16. Qe3 Qc7 17. Bh6 e5 18. dxe6 Bxe6 19. Bxg7 Kxg7 20. Nb5 Bxb3 21. Qxe8
Rxe8 22. Nxc7 Rxe1+ 23. Nxe1 Nxc2 24. Nxc2 Bxc2 25. Rd4 Bb3 26. Rxd6 Bxa4 27. f3
Bc6 28. Kf2 Nd7 29. Ke3 Kf8 30. Nd5 Nc5 31. Kd4 Ne6+ 32. Ke5 Kg7 33. Ne7 Bb5 34.
Rd2 Bc4 35. Nc8 b5 36. Kd6 a4 37. Nb6 Bf1 38. Nd5 Bc4 39. h4 h5 40. Kc6 g5 41.
hxg5 Nxg5 42. Ne3 Bb3 43. Kxb5 Kf6 44. Kb4 Ke5 45. Nc4+ Kf4 46. Nb6 Ke3 47. Rd6
Kf2 48. Rh6 Kxg2 49. Nxa4 Be6 50. Nc5 Nxf3 51. Rxh5 Bg4 52. Rh8 f5 53. Kc3 Ng5
54. Rg8 Nf7 55. b4 Nd6 56. Rg6 Nb5+ 57. Kc4 Na3+ 58. Kd4 Kf3 59. Nd3 Ke2 60.
Nf4+ Kf3 61. Nd5 Kg3 62. Kc5 Kh4 63. b5 Nxb5 64. Kxb5 Kg3 65. Kc5 Kf3 66. Kd4
Bh3 67. Rg8 Bg4 68. Ra8 Kg3 69. Ra3+ Kf2 70. Ke5 Ke2 71. Kf4 1-0

[Event "PRO League Group Stage"]
[Site "chess.com INT"]
[Date "2019.02.14"]
[Round "6"]
[White "Maze, Sebastien"]
[Black "Agrest, Inna"]
[Result "1-0"]
[WhiteTitle "GM"]
[BlackTitle "WIM"]
[WhiteElo "2596"]
[BlackElo "2275"]
[WhiteTeam "Cannes Blitzstreams"]
[BlackTeam "Baden-Baden Snowballs"]
[WhiteFideId "613762"]
[BlackFideId "1708830"]
[EventDate "2019.01.08"]

1. e4 e5 2. Nf3 Nc6 3. Bb5 a6 4. Bxc6 dxc6 5. O-O Qf6 6. d4 exd4 7. Qxd4 Qxd4 8.
Nxd4 Nf6 9. f3 c5 10. Ne2 Bd7 11. Bf4 O-O-O 12. Nbc3 Bc6 13. Rfd1 Be7 14. g4 h6
15. Ng3 g6 16. Rxd8+ Rxd8 17. Bxh6 Nd7 18. Rd1 Bf6 19. Kg2 b5 20. Bc1 Nb6 21.
Rxd8+ Kxd8 22. g5 Bg7 23. h4 c4 24. h5 gxh5 25. Nxh5 Be5 26. Ne2 Na4 27. b3 Nc3
28. Bb2 Nxe2 29. Bxe5 Nc1 30. bxc4 Nxa2 31. cxb5 axb5 32. c3 b4 33. cxb4 Nxb4
34. Nf4 Kd7 35. Bc3 Na6 36. Nd3 Bb5 37. Ne5+ Ke6 38. f4 c5 39. f5+ Ke7 40. Ba5
Nb4 41. Bb6 Na6 42. Kf3 c4 43. Ba5 f6 44. Ng6+ Kf7 45. gxf6 Kxf6 46. Bc3+ Kf7
47. Ne5+ Ke7 48. Kf4 Nc7 49. Bb4+ Kf6 50. Ng4+ Kf7 51. Ke5 1-0

[Event "PRO League Group Stage"]
[Site "chess.com INT"]
[Date "2019.02.14"]
[Round "6"]
[White "Droin, Augustin"]
[Black "Keymer, Vincent"]
[Result "0-1"]
[BlackTitle "IM"]
[WhiteElo "2099"]
[BlackElo "2500"]
[WhiteTeam "Cannes Blitzstreams"]
[BlackTeam "Baden-Baden Snowballs"]
[WhiteFideId "45105987"]
[BlackFideId "12940690"]
[EventDate "2019.01.08"]

1. e4 c5 2. Nf3 e6 3. d4 cxd4 4. Nxd4 a6 5. Bd3 Nf6 6. O-O d6 7. c4 g6 8. Nc3
Bg7 9. Be3 O-O 10. Qe2 Nc6 11. Rad1 Qc7 12. Bb1 Ne5 13. b3 Neg4 14. Bc1 d5 15.
f4 dxe4 16. h3 Nh6 17. Nxe4 Bd7 18. Ba3 Nxe4 19. Bxe4 Rfd8 20. Kh1 Nf5 21. Nxf5
gxf5 22. Bd6 Qc8 23. Bf3 Bc6 24. Be5 Bxf3 25. Rxd8+ Qxd8 26. Rxf3 f6 27. Bc3 Qd6
28. Rg3 Kh8 29. Qe3 Rd8 30. Rxg7 Kxg7 31. Qg3+ Kf7 32. Qh4 Qe7 33. Qxh7+ Ke8 34.
Qh6 Qf8 35. Qg6+ Qf7 36. Qh6 Ke7 37. Bb4+ Kd7 38. Bc3 Rf8 39. Bb4 Rg8 40. Bc3
Qg6 41. Qh4 Qxg2# 0-1

[Event "PRO League Group Stage"]
[Site "chess.com INT"]
[Date "2019.02.14"]
[Round "6"]
[White "Spoelman, Wouter"]
[Black "Borisek, Jure"]
[Result "1/2-1/2"]
[WhiteTitle "GM"]
[BlackTitle "GM"]
[WhiteElo "2578"]
[BlackElo "2584"]
[WhiteTeam "Amsterdam Mosquitoes"]
[BlackTeam "Ljubljana Turtles"]
[WhiteFideId "1010891"]
[BlackFideId "14603152"]
[EventDate "2019.01.08"]

1. c4 c5 2. Nf3 Nf6 3. Nc3 Nc6 4. d4 cxd4 5. Nxd4 e6 6. a3 Bc5 7. Nb3 Bb6 8. Bf4
d5 9. c5 Bc7 10. Bxc7 Qxc7 11. Nb5 Qe5 12. Qc1 O-O 13. e3 Bd7 14. Be2 b6 15. O-O
Ne4 16. cxb6 axb6 17. f3 Nc5 18. N3d4 Rfc8 19. Nxc6 Bxc6 20. Nd4 Ba4 21. Qd2 Qd6
22. b4 Nb3 23. Nxb3 Bxb3 24. Rfc1 g6 25. Bb5 e5 26. Rc3 Rxc3 27. Qxc3 Bc4 28.
Bxc4 Qc7 29. Rd1 dxc4 30. Rd5 Re8 31. a4 Qc6 32. e4 Qxa4 33. Qxc4 Qa1+ 34. Kf2
Qb2+ 35. Kg3 Kg7 36. Rd7 Rf8 37. Qd5 Qa1 38. b5 h5 39. Re7 Qe1+ 40. Kh3 Qc3 41.
Qxe5+ Qxe5 42. Rxe5 Rc8 43. Kg3 Rc2 44. Rd5 Rb2 45. h4 Kf8 46. Kf4 Kg7 47. g4
hxg4 48. Kxg4 Rg2+ 49. Kf4 Rb2 50. h5 gxh5 51. Rxh5 Kg6 52. Rd5 Kg7 53. Ke5 Rb3
54. f4 Rb4 55. Kf5 Rb1 56. e5 Rb4 57. Kg5 Rb1 58. Kg4 Rb4 59. Rd7 Rxb5 60. e6
Kf6 61. exf7 Kg7 62. Rb7 Rc5 63. f5 Rc1 64. f8=Q+ Kxf8 65. Kg5 Rc6 66. f6 Rc1
67. Rxb6 1/2-1/2

[Event "PRO League Group Stage"]
[Site "chess.com INT"]
[Date "2019.02.14"]
[Round "6"]
[White "Van Foreest, Jorden"]
[Black "Sebenik, Matej"]
[Result "0-1"]
[WhiteTitle "GM"]
[BlackTitle "GM"]
[WhiteElo "2612"]
[BlackElo "2540"]
[WhiteTeam "Amsterdam Mosquitoes"]
[BlackTeam "Ljubljana Turtles"]
[WhiteFideId "1039784"]
[BlackFideId "14602296"]
[EventDate "2019.01.08"]

1. e4 c5 2. Nf3 Nc6 3. Bb5 g6 4. Bxc6 dxc6 5. d3 Bg7 6. h3 Nf6 7. Nc3 Nd7 8. O-O
e5 9. Be3 b6 10. Nh2 Nf8 11. f4 exf4 12. Rxf4 Ne6 13. Rf2 Nd4 14. Qd2 h6 15. a4
a5 16. Raf1 Be6 17. Bf4 Qd7 18. e5 g5 19. Bg3 Nf5 20. Ne4 Nxg3 21. Nd6+ Kd8 22.
Rxf7 Bxf7 23. Rxf7 Bxe5 24. Rxd7+ Kxd7 25. Nc4 Bd4+ 26. Ne3 Rae8 27. Ng4 Rxe3
28. Nxe3 Re8 29. Kh2 Bxe3 30. Qc3 Nf1+ 31. Kh1 Bd4 32. Qb3 Rf8 33. Qxb6 Ng3+ 34.
Kh2 Nf1+ 35. Kh1 Ng3+ 36. Kh2 Ne2 37. h4 g4 38. Qb7+ Kd6 0-1

[Event "PRO League Group Stage"]
[Site "chess.com INT"]
[Date "2019.02.14"]
[Round "6"]
[White "Markoja, Boris"]
[Black "Van der Lende, Ilias"]
[Result "1/2-1/2"]
[WhiteTitle "IM"]
[BlackTitle "FM"]
[WhiteElo "2442"]
[BlackElo "2334"]
[WhiteTeam "Ljubljana Turtles"]
[BlackTeam "Amsterdam Mosquitoes"]
[WhiteFideId "14608502"]
[BlackFideId "1019260"]
[EventDate "2019.01.08"]

1. d4 e6 2. c4 Nf6 3. g3 d5 4. Bg2 dxc4 5. Nf3 c5 6. O-O Nc6 7. Qa4 Bd7 8. Qxc4
b5 9. Qd3 Qb6 10. a4 Nb4 11. Qd1 Rd8 12. axb5 Bxb5 13. Nc3 cxd4 14. Nxb5 Qxb5
15. Rxa7 Bc5 16. Qa4 Qxa4 17. Rxa4 d3 18. e3 O-O 19. Bd2 Nc2 20. Ne5 Rb8 21.
Nxd3 Rfd8 22. Nxc5 Rxd2 23. Ne4 Nxe4 24. Bxe4 f5 25. Bxc2 Rxc2 1/2-1/2

[Event "PRO League Group Stage"]
[Site "chess.com INT"]
[Date "2019.02.14"]
[Round "6"]
[White "Stevanic, David"]
[Black "Vrolijk, Liam"]
[Result "0-1"]
[WhiteTitle "FM"]
[BlackTitle "IM"]
[WhiteElo "2304"]
[BlackElo "2433"]
[WhiteTeam "Ljubljana Turtles"]
[BlackTeam "Amsterdam Mosquitoes"]
[WhiteFideId "14613921"]
[BlackFideId "1048333"]
[EventDate "2019.01.08"]

1. e4 e5 2. Nf3 Nc6 3. d4 exd4 4. Bc4 Nf6 5. O-O Nxe4 6. Re1 d5 7. Bxd5 Qxd5 8.
Nc3 Qd7 9. Nxe4 Be7 10. Bg5 O-O 11. Bxe7 Nxe7 12. Qxd4 Nc6 13. Qc3 Qd5 14. Rad1
Qh5 15. Ng3 Qh6 16. Ne5 Nxe5 17. Rxe5 c6 18. Re7 b6 19. Qa3 Bg4 20. f3 Be6 21.
Rxa7 Rxa7 22. Qxa7 Qe3+ 23. Kh1 Bd5 24. Qa6 Bxf3 25. Qd3 Qxd3 26. Rxd3 Bd5 27.
a3 Re8 28. Rd1 f5 29. Kg1 f4 30. Nf1 Kf7 31. Kf2 Kf6 32. Nd2 b5 33. Nf3 g5 34.
h3 h5 35. Re1 Rg8 36. Nd4 g4 37. hxg4 hxg4 38. Rh1 g3+ 39. Kf1 Re8 40. b3 Re3
41. Nxc6 f3 42. gxf3 Bxf3 43. Rh6+ Kg5 44. Rh8 Bxc6 45. Rg8+ Kf4 46. Rf8+ Ke5
47. Re8+ Bxe8 0-1

[Event "PRO League Group Stage"]
[Site "chess.com INT"]
[Date "2019.02.14"]
[Round "6"]
[White "Bezold, Michael"]
[Black "Forcen Esteban, Daniel"]
[Result "1-0"]
[WhiteTitle "GM"]
[BlackTitle "GM"]
[WhiteElo "2487"]
[BlackElo "2567"]
[WhiteTeam "Berlin Bears"]
[BlackTeam "Barcelona Raptors"]
[WhiteFideId "4601718"]
[BlackFideId "2288230"]
[EventDate "2019.01.08"]

1. c4 e5 2. Nc3 Nc6 3. g3 g6 4. Bg2 Bg7 5. e4 h5 6. d3 d6 7. Nge2 h4 8. Nd5 Bg4
9. O-O Qd7 10. f3 Be6 11. Be3 hxg3 12. hxg3 O-O-O 13. d4 Bh3 14. Rf2 Bxg2 15.
Rxg2 f5 16. dxe5 Nxe5 17. Nec3 fxe4 18. Nxe4 Rf8 19. f4 Qh3 20. Nf2 Qh7 21. fxe5
Bxe5 22. Bf4 Bxb2 23. Rb1 Bf6 24. c5 g5 25. Nxf6 Nxf6 26. Bxg5 dxc5 27. Bxf6
Rxf6 28. Qg4+ Kb8 29. Qe4 Qxe4 30. Nxe4 Rfh6 31. Rgb2 b6 32. Nxc5 Rh1+ 33. Kg2
R1h2+ 34. Kg1 Rh1+ 35. Kg2 R1h2+ 36. Kf3 Rf8+ 37. Ke3 Rh5 38. Nd7+ 1-0

[Event "PRO League Group Stage"]
[Site "chess.com INT"]
[Date "2019.02.14"]
[Round "6"]
[White "Braun, Arik"]
[Black "Asis Gargatagli, Hipolito"]
[Result "1-0"]
[WhiteTitle "GM"]
[BlackTitle "IM"]
[WhiteElo "2598"]
[BlackElo "2529"]
[WhiteTeam "Berlin Bears"]
[BlackTeam "Barcelona Raptors"]
[WhiteFideId "4663527"]
[BlackFideId "2260735"]
[EventDate "2019.01.08"]

1. c4 g6 2. Nc3 c5 3. g3 Bg7 4. Bg2 Nc6 5. d3 d6 6. Qd2 e6 7. Bxc6+ bxc6 8. b3
Ne7 9. Bb2 O-O 10. f4 f6 11. O-O-O e5 12. e4 Bg4 13. Rf1 exf4 14. gxf4 Qd7 15.
h3 Be6 16. Na4 Nc8 17. Nf3 Nb6 18. Nc3 d5 19. Qf2 Bxh3 20. Rfg1 Bg4 21. f5 Bxf3
22. Qxf3 g5 23. Qf2 Rfe8 24. Qxc5 Rad8 25. Rd1 h6 26. Qf2 dxc4 27. bxc4 Qe7 28.
c5 Nd7 29. d4 Rb8 30. Qe2 Rb7 31. Rh2 Reb8 32. Qc4+ Qf7 33. Qe6 Rc7 34. Ba3 Nf8
35. Qxf7+ Kxf7 36. d5 Nd7 37. d6 Rcb7 38. Ne2 Rb1+ 39. Kc2 Rxd1 40. Kxd1 Ne5 41.
Nd4 g4 42. Kc2 Bf8 43. Bc1 Rb4 44. Ne6 Rc4+ 45. Kd1 Rxe4 46. Bf4 Nd7 47. Rb2
Nxc5 48. Nxc5 Rxf4 49. d7 Be7 50. Rb7 Rd4+ 51. Ke2 g3 52. Kf3 Rd5 53. Kxg3 Kg8
54. Ne6 Rxf5 55. d8=Q+ Bxd8 56. Nxd8 Ra5 57. Nxc6 Rxa2 58. Kg4 Rg2+ 59. Kf5 Kf8
60. Nd4 Rf2+ 61. Ke6 h5 62. Nf5 Kg8 63. Kxf6 Ra2 64. Nd4 Rf2+ 65. Kg6 Rg2+ 66.
Kxh5 a5 67. Ne6 Re2 68. Ng5 Rc2 69. Kg6 Rc6+ 70. Kf5 Rc5+ 71. Kf6 Rc6+ 72. Ne6
Rc1 73. Rb8+ 1-0

[Event "PRO League Group Stage"]
[Site "chess.com INT"]
[Date "2019.02.14"]
[Round "6"]
[White "Diaz Camallonga, Carles"]
[Black "Berger, Steve"]
[Result "1-0"]
[WhiteTitle "IM"]
[BlackTitle "IM"]
[WhiteElo "2432"]
[BlackElo "2435"]
[WhiteTeam "Barcelona Raptors"]
[BlackTeam "Berlin Bears"]
[WhiteFideId "22235256"]
[BlackFideId "4644786"]
[EventDate "2019.01.08"]

1. e4 e6 2. d4 d5 3. Nc3 Nf6 4. Bg5 dxe4 5. Nxe4 Nbd7 6. Nf3 Be7 7. Nxf6+ Bxf6
8. Bxf6 Qxf6 9. Bd3 c5 10. c3 cxd4 11. cxd4 O-O 12. Qe2 Qe7 13. O-O Nf6 14. Rad1
Bd7 15. d5 Nxd5 16. Bxh7+ Kxh7 17. Rxd5 Bc6 18. Ng5+ Kg6 19. Re5 Rh8 20. Nxe6
Qh4 21. Rg5+ Kf6 22. Qe5+ Ke7 23. Nd4+ Kd8 24. Nxc6+ 1-0

[Event "PRO League Group Stage"]
[Site "chess.com INT"]
[Date "2019.02.14"]
[Round "6"]
[White "Alvarado Diaz, Alejandro"]
[Black "Baldauf, Marco"]
[Result "1/2-1/2"]
[WhiteTitle "IM"]
[BlackTitle "IM"]
[WhiteElo "2388"]
[BlackElo "2485"]
[WhiteTeam "Barcelona Raptors"]
[BlackTeam "Berlin Bears"]
[WhiteFideId "2276119"]
[BlackFideId "4688210"]
[EventDate "2019.01.08"]

1. Nf3 g6 2. d4 Nf6 3. e3 Bg7 4. Be2 O-O 5. O-O d6 6. c4 c5 7. b3 cxd4 8. Nxd4
Nc6 9. Bb2 Bd7 10. Nc3 a6 11. Rb1 Qb8 12. Nc2 Rc8 13. Qd2 Ne5 14. Nb4 b5 15.
Ncd5 Nxd5 16. Nxd5 Re8 17. f4 Nc6 18. Bxg7 Kxg7 19. Bf3 Kg8 20. c5 Ra7 21. Nb6
Nd8 22. Nxd7 Rxd7 23. Rfd1 Rc7 24. cxd6 Rd7 25. Qb4 Rxd6 26. Rxd6 exd6 27. Rd1
Rxe3 28. Qxd6 Qxd6 29. Rxd6 Ne6 30. Rxa6 Nxf4 31. h4 b4 32. Rf6 Ne6 33. Bd5 Re2
34. Bxe6 fxe6 35. Rf4 Rxa2 36. Rxb4 Kf7 37. Rb7+ Kf6 38. Rxh7 Rb2 39. Rb7 e5 40.
Kf1 e4 41. b4 Kf5 42. b5 Kf4 43. b6 Kg4 44. Re7 Kxh4 45. Rxe4+ Kg3 46. Re6 g5
47. Re3+ Kf4 48. Re6 Kg3 49. Re3+ Kf4 50. Rf3+ Kg4 51. Rf6 Kg3 52. Rf3+ Kg4 53.
Rf6 Kg3 54. Rf3+ Kg4 1/2-1/2

[Event "PRO League Group Stage"]
[Site "chess.com INT"]
[Date "2019.02.14"]
[Round "6"]
[White "Vachier-Lagrave, Maxime"]
[Black "Christiansen, Johan-Sebastian"]
[Result "1-0"]
[WhiteTitle "GM"]
[BlackTitle "GM"]
[WhiteElo "2780"]
[BlackElo "2559"]
[WhiteTeam "Marseille Migraines"]
[BlackTeam "Norway Gnomes"]
[WhiteFideId "623539"]
[BlackFideId "1512668"]
[EventDate "2019.01.08"]

1. g3 e5 2. b3 Nc6 3. Bg2 h5 4. h3 d5 5. Bb2 Be6 6. d3 Qd7 7. Nd2 f6 8. e3 Nh6
9. Ne2 Be7 10. a3 O-O-O 11. b4 a6 12. Nb3 h4 13. g4 f5 14. g5 Bxg5 15. Nc5 Qf7
16. c4 Be7 17. Nxe6 Qxe6 18. cxd5 Rxd5 19. Bxd5 Qxd5 20. Rg1 g5 21. Nc3 Qe6 22.
b5 axb5 23. Nxb5 Rd8 24. Qa4 Kb8 25. O-O-O f4 26. exf4 gxf4 27. Rge1 Rd5 28. Kb1
Nf5 29. d4 e4 30. Nc3 Rxd4 31. Rxd4 Nfxd4 32. Rxe4 Qf5 33. Qc4 Bf6 34. Ka2 Qxh3
35. Re8+ Bd8 36. Rxd8+ Nxd8 37. Qxd4 Qe6+ 38. Kb1 Nc6 39. Qh8+ Ka7 40. Qxh4 Qe1+
41. Kc2 Nd4+ 42. Kd3 Ne6 43. Qe7 Qf1+ 44. Ke4 Qc4+ 45. Ke5 Nd4 46. Kxf4 Ne2+ 47.
Kf3 Nd4+ 48. Kg2 Qg8+ 49. Kf1 Qc4+ 50. Ne2 Nc6 51. Qe3+ b6 52. f4 Kb7 53. Qf3
Ka7 54. f5 Qc2 55. Bc3 Qd1+ 56. Kf2 Ne7 57. f6 Ng6 58. f7 Qd6 59. Nd4 Qh2+ 60.
Kf1 Qd6 61. Nb5+ 1-0

[Event "PRO League Group Stage"]
[Site "chess.com INT"]
[Date "2019.02.14"]
[Round "6"]
[White "Salomon, Johan"]
[Black "Maurizzi, Marc Andria"]
[Result "1-0"]
[WhiteTitle "GM"]
[BlackTitle "CM"]
[WhiteElo "2494"]
[BlackElo "2028"]
[WhiteTeam "Norway Gnomes"]
[BlackTeam "Marseille Migraines"]
[WhiteFideId "1509500"]
[BlackFideId "36083534"]
[EventDate "2019.01.08"]

1. Nf3 Nf6 2. g3 g6 3. b3 Bg7 4. Bb2 b6 5. Bg2 Bb7 6. O-O O-O 7. c4 c5 8. d4
cxd4 9. Qxd4 Nc6 10. Qc3 Rc8 11. Rd1 Na5 12. Qe1 d6 13. Nc3 Ne4 14. Rac1 Nxc3
15. Bxc3 Bxc3 16. Rxc3 Qc7 17. Re3 Rfd8 18. Bh3 Rb8 19. Nd4 a6 20. Ne6 Qc6 21.
Rd5 Qe8 22. Qc3 f6 23. Nxd8 Bxd5 24. cxd5 Qxd8 25. Be6+ Kg7 26. b4 Nb7 27. Qc6
a5 28. a3 axb4 29. axb4 Kf8 30. Rd3 Qe8 31. Bd7 Qd8 32. h4 Kg7 33. Kh2 Qf8 34.
Qxb6 Nc5 35. bxc5 Rxb6 36. cxb6 Qd8 37. Rb3 Qxd7 38. b7 Qf5 39. Kg1 Qc2 40. b8=Q
Qd1+ 41. Kh2 Qxe2 42. Qb6 h5 43. Qe3 Qd1 44. Qxe7+ Kh6 45. Qf8+ Kh7 46. Rb7# 1-0

[Event "PRO League Group Stage"]
[Site "chess.com INT"]
[Date "2019.02.14"]
[Round "6"]
[White "Mihajlov, Sebastian"]
[Black "Moussard, Jules"]
[Result "0-1"]
[WhiteTitle "IM"]
[BlackTitle "GM"]
[WhiteElo "2363"]
[BlackElo "2605"]
[WhiteTeam "Norway Gnomes"]
[BlackTeam "Marseille Migraines"]
[WhiteFideId "1512110"]
[BlackFideId "642908"]
[EventDate "2019.01.08"]

1. d4 d6 2. Nf3 Nf6 3. c4 g6 4. Nc3 Bf5 5. Nh4 Bd7 6. Nf3 Bf5 7. Nh4 Bd7 8. Nf3
Bg7 9. e4 O-O 10. Be2 Na6 11. O-O c5 12. d5 e6 13. dxe6 Bxe6 14. Bf4 Qb6 15. Qd2
Rad8 16. Rad1 Qb4 17. e5 Nh5 18. Bg5 f6 19. exf6 Nxf6 20. Nb5 Qxd2 21. Nxd2 h6
22. Bh4 Nb4 23. Nxa7 Nxa2 24. Nb5 Nb4 25. b3 d5 26. Nc7 Bf7 27. cxd5 g5 28. Bg3
Nfxd5 29. Nxd5 Nxd5 30. Ne4 Rfe8 31. f3 Ne3 32. Rxd8 Rxd8 33. Rb1 Bd4 34. Bf2 b6
35. h4 gxh4 36. Bxh4 Ra8 37. Bf2 Ra2 38. Bxe3 Bxe3+ 39. Kf1 Kg7 40. Nd6 Bg6 41.
Ne4 Bd4 42. g3 Bxe4 43. fxe4 Kf6 44. b4 Ke5 45. bxc5 Bxc5 46. Rd1 Kxe4 47. Rd8
Rb2 48. Re8+ Kf5 49. Kg2 Bd6 50. Re3 Be5 51. Kf3 b5 52. Bd3+ Kf6 53. Ke4 Ke6 54.
Bf1 Rb4+ 55. Kf3 Rb1 56. Bd3 Rb2 57. g4 b4 58. Bc4+ Kd6 59. Ke4 Bf6 60. Bf7 Bg5
61. Rd3+ Kc5 62. Bg8 Re2+ 63. Kf5 Rf2+ 64. Kg6 Rf6+ 65. Kh5 Rb6 66. Bb3 Rb8 67.
Rd5+ Kc6 68. Rd3 Rf8 69. Ba4+ Kc5 70. Bb3 Rf4 71. Rd5+ Kc6 72. Rd3 Rf2 73. Kg6
Rb2 74. Kf5 Rf2+ 75. Kg6 Rf4 76. Kh5 Rf1 77. Ba4+ Kc5 78. Bb3 Rb1 79. Rd5+ Kc6
80. Rd3 Rb2 81. Kg6 Rh2 82. Kf5 Rf2+ 83. Kg6 Rf6+ 84. Kh5 Bf4 85. Ba4+ Kc5 86.
Bb3 Bd6 87. Rd5+ Kc6 88. g5 hxg5 89. Kxg5 Rf3 90. Bc4 Rc3 91. Rd4 Kc5 92. Rd5+
Kxc4 93. Rxd6 b3 94. Rb6 Kd3 95. Kf4 Kc2 0-1

[Event "PRO League Group Stage"]
[Site "chess.com INT"]
[Date "2019.02.14"]
[Round "6"]
[White "Fressinet, Laurent"]
[Black "Neiksans, Arturs"]
[Result "1-0"]
[WhiteTitle "GM"]
[BlackTitle "GM"]
[WhiteElo "2655"]
[BlackElo "2552"]
[WhiteTeam "Marseille Migraines"]
[BlackTeam "Norway Gnomes"]
[WhiteFideId "608742"]
[BlackFideId "11601388"]
[EventDate "2019.01.08"]

1. e4 c5 2. Nf3 Nc6 3. Bb5 g6 4. Bxc6 dxc6 5. O-O Bg7 6. d3 b6 7. a4 a5 8. Nbd2
e5 9. Nc4 Qc7 10. Be3 Be6 11. Nfd2 Nf6 12. b4 axb4 13. a5 bxa5 14. Bxc5 Bf8 15.
Bb6 Qb8 16. Bxa5 Nd7 17. Qf3 Be7 18. Bc7 Qb7 19. Nd6+ Bxd6 20. Rxa8+ Qxa8 21.
Bxd6 f6 22. Qe3 Qa5 23. f4 exf4 24. Qxf4 g5 25. Qe3 Kf7 26. e5 h6 27. exf6 c5
28. Ne4 c4 29. Bg3 Kg6 30. Nd6 Qc5 31. d4 Qd5 32. Re1 Bf5 33. Qe7 Qxd4+ 34. Bf2
Qxf6 35. Nxf5 Qxf5 36. Re6+ Kh5 37. h3 g4 38. Qh4# 1-0

[Event "PRO League Group Stage"]
[Site "chess.com INT"]
[Date "2019.02.14"]
[Round "6"]
[White "Duda, Jan-Krzysztof"]
[Black "Meier, Georg"]
[Result "1-0"]
[WhiteTitle "GM"]
[BlackTitle "GM"]
[WhiteElo "2738"]
[BlackElo "2623"]
[WhiteTeam "Cannes Blitzstreams"]
[BlackTeam "Baden-Baden Snowballs"]
[WhiteFideId "1170546"]
[BlackFideId "4675789"]
[EventDate "2019.01.08"]

1. c4 b6 2. d4 e6 3. e4 Bb4+ 4. Bd2 Bxd2+ 5. Qxd2 d5 6. cxd5 exd5 7. e5 Ne7 8.
f4 O-O 9. Nf3 c5 10. Nc3 Nbc6 11. dxc5 bxc5 12. b3 Bg4 13. Be2 c4 14. bxc4 dxc4
15. O-O Qb6+ 16. Kh1 Rad8 17. Qc1 Bxf3 18. Bxf3 Nd4 19. Rb1 Qa5 20. Be4 Rd7 21.
Qe3 Rfd8 22. Qh3 h6 23. f5 Qxe5 24. f6 gxf6 25. Rbe1 Qg5 26. Re3 Qg7 27. Rg3 Ng6
28. Qh5 f5 29. Bxf5 Nxf5 30. Qxf5 Kh8 31. Qh5 Rd3 32. Ne4 R8d5 33. Qg4 R5d4 34.
Qc8+ Qg8 35. Qc6 Qd8 36. Rxg6 fxg6 37. Qxg6 Rd1 38. Qxh6+ Kg8 39. Qg6+ Kh8 40.
Qh6+ Kg8 41. Qe6+ Kh8 42. Qh3+ Kg8 43. Qg4+ Kh8 44. Qh5+ Kg8 45. Qf7+ Kh8 46.
Qh5+ Kg8 47. Nf6+ Kg7 48. Qh7+ Kf8 49. Nd7+ Ke8 50. Qf7# 1-0

[Event "PRO League Group Stage"]
[Site "chess.com INT"]
[Date "2019.02.14"]
[Round "6"]
[White "Lagarde, Maxime"]
[Black "Alekseenko, Kirill"]
[Result "1-0"]
[WhiteTitle "GM"]
[BlackTitle "GM"]
[WhiteElo "2604"]
[BlackElo "2637"]
[WhiteTeam "Cannes Blitzstreams"]
[BlackTeam "Baden-Baden Snowballs"]
[WhiteFideId "662399"]
[BlackFideId "4135539"]
[EventDate "2019.01.08"]

1. c4 e5 2. Nc3 d6 3. d4 exd4 4. Qxd4 Nc6 5. Qd2 Nf6 6. b3 g6 7. Bb2 Bg7 8. g3
O-O 9. Bg2 Bf5 10. Nf3 Qd7 11. O-O Bh3 12. Nd5 Ne4 13. Qc2 Bxb2 14. Qxb2 Bxg2
15. Kxg2 f5 16. Rad1 Rae8 17. e3 Ne7 18. Rd4 Nxd5 19. cxd5 Qg7 20. Qc2 g5 21.
Rc4 Rf7 22. Nd4 Qe5 23. Rxc7 Rxc7 24. Qxc7 Qxd5 25. Kg1 f4 26. Qd7 Qf7 27. Qxf7+
Kxf7 28. exf4 gxf4 29. Rd1 a6 30. gxf4 Nc3 31. Rd3 Nd5 32. Kf1 Rc8 33. Ne2 Rc5
34. Kg2 a5 35. Kf3 b5 36. Ng3 Nb4 37. Rxd6 Nxa2 38. Ne4 Rc2 39. Rd7+ Ke8 40.
Nf6+ Kf8 41. Nxh7+ Ke8 42. Nf6+ Kf8 43. h4 Rc6 44. Ng4 Nc1 45. h5 Nxb3 46. h6
Kg8 47. f5 a4 48. h7+ Kh8 49. Ne5 Ra6 50. Ng6+ 1-0

[Event "PRO League Group Stage"]
[Site "chess.com INT"]
[Date "2019.02.14"]
[Round "6"]
[White "Keymer, Vincent"]
[Black "Maze, Sebastien"]
[Result "1-0"]
[WhiteTitle "IM"]
[BlackTitle "GM"]
[WhiteElo "2500"]
[BlackElo "2596"]
[WhiteTeam "Baden-Baden Snowballs"]
[BlackTeam "Cannes Blitzstreams"]
[WhiteFideId "12940690"]
[BlackFideId "613762"]
[EventDate "2019.01.08"]

1. d4 Nf6 2. c4 g6 3. g3 Bg7 4. Bg2 O-O 5. Nc3 c5 6. d5 d6 7. Nf3 e6 8. O-O exd5
9. cxd5 a6 10. a4 Nbd7 11. Bf4 Qe7 12. Re1 Nh5 13. Bg5 f6 14. Bd2 Ne5 15. Nxe5
fxe5 16. Qc1 Nf6 17. a5 Bd7 18. Bg5 Rfb8 19. Ne4 Qf8 20. Nd2 Bb5 21. Bh3 h6 22.
Bxf6 Bxf6 23. Ne4 Kg7 24. Qc3 b6 25. b4 cxb4 26. Qxb4 Be7 27. Be6 bxa5 28. Qxa5
Qd8 29. Qc3 Ra7 30. Rec1 Qb6 31. e3 Rbb7 32. Qc8 Rb8 33. Qc2 Rbb7 34. h4 Rc7 35.
Qd1 Rxc1 36. Rxc1 Rc7 37. Rb1 Qb8 38. h5 gxh5 39. Qxh5 Qe8 40. Qf3 Qg6 41. Bf5
Qf7 42. Qg4+ Kh8 43. Be6 Qg7 44. Qh5 Bf8 45. Rd1 Rc2 46. Rd2 Rc1+ 47. Kh2 Rc4
48. f3 Rc1 49. g4 Re1 50. g5 Rxe3 51. Rg2 Bf1 52. Rg1 Be2 53. gxh6 Qxh6 54. Rg8+
Kh7 55. Nf6# 1-0